El Proceso de integración en América Latina en 1981 /
Uloženo v:
| Korporace: | , |
|---|---|
| Médium: | Text |
| Vydáno: |
Buenos Aires:
INTAL
|
| Tagy: |
Přidat tag
Žádné tagy, Buďte první, kdo vytvoří štítek k tomuto záznamu!
|
MARC
| LEADER | 00000 a a2200000 04500 | ||
|---|---|---|---|
| 001 | 25381 | ||
| 003 | |||
| 040 | |||
| 090 | |a 181600 | ||
| 110 | |a Banco Interamericano de Desarrollo. Instituto para la Integración de América Latina | ||
| 245 | |a El Proceso de integración en América Latina en 1981 / |c Banco Interamericano de Desarrollo. Instituto para la Integración de América Latina | ||
| 260 | |a Buenos Aires: |b INTAL | ||
| 300 | |a 311 p. | ||
| 710 | |a BID. INTAL | ||
| 999 | |c 12828 |d 12828 | ||
